000 01036nam0a2200325 4500
001 RU\NLR\BIBL_A\012338295
005 20200921164830.0
010 _a978-5-4420-0791-6
_9500
021 _aRU
_bКН-П-20-028169
_9КН-П-20-2175
035 _a(NLR Aleph) 012338295
035 _a(RuMoRGB)010336848
090 _a11507185
_c11507185
100 _a20200916d2020 u y0rusy50 ca
101 0 _arus
102 _aRU
105 _ay|||z|||001ay
181 0 _ai
_baxxe
182 0 _an
200 1 _aИзбранное
_fСергей Чижик-Полейко
203 _aТекст
_bвизуальный
_cнепосредственный
210 _aВоронеж
_c[б. и.]
_d2020
215 _a239 с.
_d21
686 2 _aШ6(2=Р)8-5
700 1 _aЧижик-Полейко
_bС. В.
_f1963-
_gСергей Вадимович
_3RU\NLR\AUTH\7733291
942 _cBOOK
980 _aNBR
980 _aNB